Most Points by Birthmonth - Statistics

General Stats
  • This quiz has been taken 9 times
  • The average score is 10 of 12
Answer Stats
Month Points Player % Correct
April 38387 Kareem Abdul-Jabbar
100%
July 36928 Karl Malone
100%
September 28924 Kevin Durant
100%
August 33643 Kobe Bryant
100%
December 40474 LeBron James
100%
Febuary 32292 Michael Jordan
100%
May 28289 Carmelo Anthony
88%
March 28596 Shaquille O'Neal
88%
June 31560 Dirk Nowitzki
75%
January 26946 Hakeem Olajuwon
75%
November 27313 Elvin Hayes
63%
October 26397 Paul Pierce
38%
No matching quizzes found
Score Distribution
Percent of People with Each Score
Percentile by Number Answered
Your Score History
You have not taken this quiz